| 000 | 02991nam a2200349 a 4500 | ||
|---|---|---|---|
| 001 | 000002944 | ||
| 003 | DO-SdBNP | ||
| 005 | 20230301073310.0 | ||
| 008 | 090706s2008 dr ad 001 0 spa d | ||
| 020 | _a9789945162295 | ||
| 040 |
_aDO-SdBNP _bspa _cBPMSU |
||
| 082 | 4 |
_a327.729307294 _bR438L 2008 _222 |
|
| 245 | 0 | 4 |
_aLos retos del desarrollo insular : _bdesarrollo sostenible, migraciones y derechos humanos en las relaciones domínico-haitiana en el siglo XXI / _ceditores Wilfredo Lozano, Bridget Wooding. |
| 260 |
_aSanto Domingo : _bFLACSO, _c2008. |
||
| 300 |
_a388 p. : _bil., gráfcs. ; _c23 cm. |
||
| 500 | _aIncluye referencias bibliograficas y notas al pie de las páginas | ||
| 504 | _aBibliografía : p.363-383. | ||
| 505 | 0 | _aIntroducción 9 -- Agradecimientos 17 -- PROCESOS DE INTEGRACIÓN, COMERCIO Y APERTURA ECONÓMICA 19 -- El EPA y las posibilidades del desarrollo binacional Domínico-Haitiano en la integración caribeña 21 -- Tratado de libre comercio, integración regional en el caribe y desarrollo binacional 43 -- Reflexiones sobre el impacto del DR-CAFTA en las relaciones comerciales de República Dominicana con Haití 63 -- DESARROLLO SOSTENIBLE, FRONTERA Y SEGURIDAD 73 -- La cooperación internacional y la sostenibilidad ambiental en la frontera desde una perspectiva binacional 75 -- La cuestión del desarrollo en la frontera domínico-haitiana 89 -- Quisqueya : frontera y relaciones haitiano-dominicanas 111 -- Los problemas de la inseguridad insular frente a la seguridad regional 137 -- MIGRACIONES, POLÍTICAS MIGRATORIAS Y DERECHOS HUMANOS 173 -- La inmigración haitiana contemporánea a la República Dominicana 175 -- Hacia la construcción de la voluntad política para elaborar políticas migratorias 227 -- Políticas migratorias y relaciones domínico-haitianas : de la movilidad insular del trabajo a las presiones de la globalización 237 -- Como cerdos en el lodo : nuevos retos de la sociedad civil frente a la discriminación y la apatridia en la República Dominicana 277 -- Migración haitiana y Ley de migración en la República Dominicana : Le Blocage 301 -- LOS RETOS DEL DESARROLLO INSULAR 321 -- Propuesta para una nueva agenda de relaciones domínico-haitianas en el siglo XXI 323 -- Bibliografía general 363 -- Autores 385. | |
| 590 | _aInventariado, 2022/VM | ||
| 650 | 4 |
_aDesarrollo sostenible _zRepública Dominicana |
|
| 650 | 4 |
_aDesarrollo sostenible _zHaití |
|
| 651 | 4 |
_aRepública Dominicana _xRelaciones exteriores _zHaití |
|
| 651 | 4 |
_aHaití _xRelaciones exteriores _zRepública Dominicana |
|
| 651 | 4 |
_aRepública Dominicana _xEmigración e inmigración _xAspectos económicos |
|
| 651 | 4 |
_aRepública Dominicana _xTratados comerciales |
|
| 651 | 4 |
_aRepública Dominicana _xEmigración inmigración _xAspectos sociales |
|
| 700 | 1 |
_aLozano, Wilfredo _d1950- _eed. |
|
| 700 | 1 |
_aWooding, Bridget, _eed. |
|
| 710 | 2 | _aFLACSO (República Dominicana) | |
| 910 | _aVMateo V./Validado | ||
| 942 |
_2ddc _cBK |
||
| 999 |
_c14292 _d14292 |
||